| 000 | 00589nam a2200169Ia 4500 | ||
|---|---|---|---|
| 008 | 090201s9999 xx 000 0 und d | ||
| 010 | _aKPL-74525 | ||
| 040 | _bमराठी | ||
| 041 | _aमराठी | ||
| 082 |
_a55057 _b74525 |
||
| 100 | _aचिंतामणी लागू | ||
| 245 |
_aविंग कमांडर (रामबाग) _cचिंतामणी लागू |
||
| 260 |
_c2008 _bपारस पब्लिकेशन्स् |
||
| 300 |
_a202 _bलहान |
||
| 600 | _aविंग कमांडर (रामबाग) | ||
| 942 | _cBOOK | ||
| 999 |
_c251345 _d251345 |
||